000 00707nam a2200289Ia 4500
005 20260324140455.0
008 008 260324s9999 xx 000 0 eng d
020 _a9780429426247
037 _aEBOOK
040 _aCRL
040 _beng
040 _cCRL
041 _2eng
041 _aeng
084 _qCRL
100 _aLene Østermark-Johansen
_91204521
245 0 _aSweetness and Strength
245 4 _bThe Reception of Michelangelo in Late Victorian England
260 _bTaylor and Francis
260 _c1998
365 _a
365 _b180
856 _uhttp://www.taylorfrancis.com/books/9780429426247
942 _cEBOOK
999 _c1806657
_d1806657